Indiana State Quiz - Statistics

General Stats
  • This quiz has been taken 11 times
  • The average score is 8 of 14
Answer Stats
Hint Answer % Correct
What is Indiana's capital? Indianapolis
100%
Which sporting event is held annually in the town of Speedway, Indiana Indy 500
100%
What is Indiana's state bird? Cardinal
82%
What year did Indiana become a state? 1816
73%
Which amusement park is near the town of Santa Claus Holiday World
73%
Name the college town home to Ball State and home of the cartoonist Jim Davis Muncie
73%
What is the state rock? Limestone
64%
What is the state tree? Tulip Tree
64%
What is Indiana's state flower? Peony
55%
Which doll was created in Indiana? Raggedy Ann
36%
Where was the first permanent European settlement in Indiana? Vincennes
36%
What does Indiana mean? Land of the Indians/Indian Land
27%
Which city used to be called "Bethlehem" until 1874? Carmel
9%
What is the name given to the culture of mound-builder people that inhabited Indiana 2,500 years ago? Adena
0%
No matching quizzes found
Score Distribution
Percent of People with Each Score
Percentile by Number Answered
Your Score History
You have not taken this quiz